000 01075nam0a22002411 4500
001 rc\1083793
005 20260407045622.0
035 _a(NLR Aleph) 006331802
090 _a7553055
_c7553055
100 _a20041126d1983 |||y0rusy50 ca
101 0 _arus
102 _aRU
105 _aa |||||||||
200 1 _aИнструкция по применению жидких эбонитовых составов для защиты химической аппаратуры и оборудования от коррозии
_fМ-во хим. пром-сти, ВНИИ по защите металлов от коррозии (ВНИИК), Отд-ние НИИ техн.-экон. исслед. (г. Черкассы)
210 _aЧеркассы
_cНИИТЭХИМ
_d1983
215 _a24 с.
_cил.
_d20
320 _aБиблиогр.: с. 23
712 0 2 _aВНИИ по защите металлов от коррозии
_9534859
_3RU\NLR\AUTH\8810018507
801 0 _aRU
_bNLR
_gpsbo
801 1 _aRU
_bELAR
_2rusmarc
852 _aNLR
_j84-4/12872
942 _cBOOK
980 _aNB